000 00744nam a2200253Ia 4500
003 OSt
005 20220918165632.0
006 a|||||r|||| 00| 0
007 ta
008 220917b |||||||| |||| 00| 0 eng d
020 _a8170189497
024 _a2,243
037 _cTextual
040 _aARTS
_cARTS
_beng
041 _2eng
_aeng
082 _a2:(Z21)N48:g, N7 (2D)
100 _aThillainayagam Ve
_924875
245 0 _aS R Ranganathan and Madras public libraries act
_b Rules, criticism, letters & reforms
260 _aDelhi
_bB R Publishing India
_c1997
300 _a179 p.
_ccm.
650 _aLIBRARY SCIENCE
942 _h2:(Z21)N48:g, N7 (2D)
_cTEXL
_2CC
999 _c130586
_d130586